Statistics for "Rome" in the Answer

Click here to take the quiz!

General Stats

  • This quiz has been taken 308 times
  • The average score is 10 of 20

Answer Stats

HintAnswer% Correct
Bulgaria's neighborRomania
97%
Twin brother of RemusRomulus
91%
Augustus was the first oneRoman Emperor
87%
Shakespearean playRomeo and Juliet
70%
Fugitive director of "The Pianist"Roman Polański
65%
Germany's "Desert Fox" generalErwin Rommel
63%
Loose-knit Germanic empire with
an elected leader
Holy Roman
Empire
60%
The Arabic ones replaced themRoman Numerals
57%
18th century artistic movementRomanticism
51%
Central marketplace of
ancient Rome
Roman Forum
42%
Another name for the
Byzantine Empire
Eastern Roman
Empire
40%
Chelsea football ownerRoman Abramovich
38%
Alternate title of the popeBishop of Rome
34%
Came before the "Roman Empire"Roman Republic
32%
Peace period of ancient RomePax Romana
31%
Princess falls for a news reporterRoman Holiday
28%
2016 WWE championRoman Reigns
21%
Saying attributed to AmbroseWhen in Rome
21%
Event that led to Mussolini
ascending to power
March on Rome
16%
What Constantinople is cited asSecond Rome
9%

Score Distribution

Percentile by Number Answered

Percent of People with Each Score

Your Score History

You have not taken this quiz